00429nam a2200157Ia 4500001000500000005001700005008004100022041000800063082001800071100002500089245010400114260000900218300002800227650000800255654000800263875020260306160632.0260306t2012||||xx |||||||||||||| ||spa|| aESP a371.3028bM84 aMonereo, CarleseAUT 0aEstrategias de enseñanza y aprendizaje:bformación del profesorado y aplicación en la escuela c2012 a191 páginas :c24 cm. aGEN aCED